000 00476cam a22002051 4500
001 sa 65006511
003 DLC
005 20260227112142.0
008 881102s1965 xx 000 0 hino
010 _asa 65006511
035 _a(OCoLC)23558480
040 _aDLC
_cMiU
_dDLC
042 _apremarc
050 0 0 _aPK2098.O45
_bD45
110 2 _aOmilal.
245 1 0 _aḌhāi gaja kā ṭukaṛā.
260 _c[1965]
300 _a192 p.
_c19 cm.
500 _aRomanized.
999 _c64698
_d64698